Essential GCSE latin

Guardado en:
Detalles Bibliográficos
Autor principal: TAYLOR, John
Formato: Libro
Lenguaje:inglés
Publicado: Bloomsbury Academic 2017
Etiquetas: Agregar Etiqueta
Sin Etiquetas, Sea el primero en etiquetar este registro!

MARC

LEADER 00000nam a22000007a 4500
008 240918b |||||||| |||| 00| 0 eng d
020 |a 9781350003804 
100 |a TAYLOR, John 
245 |a Essential GCSE latin  |c /John Taylor  |g xvii,232p.ill 
250 |b 3rd 
260 |b Bloomsbury Academic  |c 2017  |h London  |i 700380  |i 700881  |l PA2087.5.T21  |m Latin language- Grammar 
500 |a it includes index 
942 |a lcc  |c BK  |e Johnson  |f 18/09/24 
952 |0 0  |1 0  |2 lcc  |4 0  |6 PA20875 T21  |7 0  |9 5576  |a ART  |b HOL  |c LP  |d 2024-09-18  |l 0  |o PA2087.5.T21  |p 2024-0814  |r 2024-09-18 00:00:00  |t 700880  |w 2024-09-18  |y BK 
952 |0 0  |1 0  |2 lcc  |4 0  |6 PA20875 T21  |7 0  |9 5577  |a HOL  |b HOL  |c LP  |d 2024-09-18  |l 0  |o PA2087.5.T21  |p 2024-0815  |r 2024-09-18 00:00:00  |t 700881  |w 2024-09-18  |y BK 
999 |c 2751  |d 2751